LEADER 01034nam a2200265 i 4500 001 000000149231 003 CaOOAMICUS 005 20060512000000.0 008 060512s1982 it u000 u ita u 013 $a126551 040 $aSeMil$bita 100 1 $aGolding, William,$d<1911-1993>.$0(OLS)http://semarc/name/32773 245 10$aRiti di passaggio :$bromanzo /$cdi William Golding ; traduzione di Pier Francesco Paolini. 260 $aMilano :$bLonganesi & C.,$c1982. 300 $a199 p. ;$c21 cm. 490 0 $aLa gaja scienza ;$v49 500 $aFondo Ciprandi. 700 1 $aPaolini, Pier Francesco.$0(OLS)http://semarc/name/17976 830 3$aLa gaja scienza ;$v49.$0(OLS)http://semarc/title/1166 850 $aSeMil 852 $aSeMil$W1$xVenegono$y1$m1V V 129$j101528$B101528$CSeMilBibl$Z2$F111073 $81 941 1 $a1 961 $aOmaggio: Ciprandi dott. Paolo 996 $6245$aRiti di passaggio :$bromanzo$9(OLS)http://semarc/title/218173 996 $6260$aMilano :$bLonganesi & C.$9(OLS)http://semarc/publisher/31590 LEADER 00850nam a2200205 i 4500 001 000000121186 003 CaOOAMICUS 005 20031210000000.0 008 031210s1971 it u000 u ita u 013 $a93880 040 $aSeMil$bita 100 1 $aRavaglioli, Armando.$0(OLS)http://semarc/name/5192 245 10$aVol. 2. 300 $a454 p. :$briccamente ill. 500 $aIn preliminari : La realizzazione di questa opera è stata voluta dal Banco di Roma per celebrare il primo centenario di Roma capitale (1870-1970). - Esemplare N. 727 di 4000. 773 0 $tRoma la capitale.$d[Roma] : Edizione del Banco di Roma, 1970-1971.$w()10697 850 $aSeMil 852 $aSeMil$W1$xVenegono$y1$m5H IX 38$j76285$B76285$CSeMilBibl$Z2$F79038 $8I 961 $aOmaggio: Martini Card. Carlo Maria 996 $6245$aVol. 2$9(OLS)http://semarc/title/13458